000 00207 a2200097 4500
001 30311
100 _aForester,
245 _aThe African Queen
260 _aNew york
_bModern Lib
_c
090 _c20257
_d20257
942 _aNUST-CAE
_cM
_c11400
999 _c265384
_d265384